| 000 | 01004nam a22002177a 4500 | ||
|---|---|---|---|
| 999 |
_c5632 _d5632 |
||
| 003 | AR-CdUCM | ||
| 008 | 190313b ||||| |||| 00| 0 spa d | ||
| 040 |
_aMUNICIPALIDAD PROVINCIAL DEL CUSCO _cBIBLIOTECA MUNICIPAL DEL CUSCO |
||
| 082 |
_a199.8 / _bZ54 |
||
| 100 |
_aZea, Leopoldo _910024 |
||
| 245 | _aEl pensamiento latinoamericano / | ||
| 260 |
_aMéxico, D.F : _bPormaca, _c1965. |
||
| 300 |
_a2 tomos ; _bretrato, _c21 cm. |
||
| 440 |
_aColección Pormaca. _n12 _916831 |
||
| 505 | _aContenido: t.1: Dialéctica del pensamiento latinoamericana -- La esencia del pensamiento latinoamericano -- El romanticismo en Hispanoamericano -- El positivismo en Hispanoamérica ... -- t.2: El positivismo como filosofía liberal -- Ortodoxos y heterodoxos -- En torno a una ciencia política -- Decepción y demolición -- Positivismo y nacionalidad ... | ||
| 650 |
_aFilosofía latinoamericana _914497 |
||
| 650 |
_aPositivismo _9521 |
||
| 650 |
_aAprendizaje _92143 |
||
| 942 |
_2ddc _cLIBROS |
||
| 945 | _aachl | ||